Constituiȯ̂ & Democracia 25 anos da Constituiȯ̂ brasileira

Detalles Bibliográficos
Autor principal: Cattoni de Oliveira, Marcelo A.
Formato: eBook
Lenguaje:portugués
Publicado: Belo Horizonte: Initia Via Editora, 2015
Materias:
Acceso en línea:Acceso restringido

MARC

LEADER 00000nam a22000007a 4500
005 20210421222514.0
007 cr|||| ||||
008 210421s2015 br |||||s|||| 00||0 por d
020 |a 978-85-64912-51-9 
035 |a 33007 
040 |a vLex 
090 |c 11492  |d 11492 
100 1 |a Cattoni de Oliveira, Marcelo A. 
245 1 0 |a Constituiȯ̂ & Democracia 25 anos da Constituiȯ̂ brasileira  |h [Recurso electrn̤ico] /  |c Marcelo A. Cattoni de Oliveira 
256 |a Servicio en ln̕ea 
260 |a Belo Horizonte:  |b Initia Via Editora,  |c 2015 
300 |a 1 recurso electrn̤ico 
506 1 |a Disponible solo en los productos indicados  |d vLex Global  |d vLex Global (Academic Edition, excluding Law Schools)  |d vLex Global (U.S. Academic Edition, Law Schools)  |d vLex Global (U.S. Academic Edition, excluding Law Schools)  |d vLex Global (Academic Edition, Law Schools) 
650 0 4 |a Derecho Constitucional  |z Brasil 
740 0 |a vLex Libros (Servicio en ln̕ea) 
856 4 0 |u https://vlex.com/source/constitui-o-democracia-25-anos-constitui-o-brasileira-33007  |z Acceso restringido 
942 |c BOOK 
999 0 |a Constitutional right